000
00326nam a2200133Ia 4500
008
150201s2006 xx 000 0 und d
082
_a
612.015
_b
I06B
100
_a
BAKER,SIMON
245
_a
INSTANT NOTES MICROBIOLOGY
250
_a
3RD
260
_b
TAYLORA FRANCIS
_a
DELHI
_c
2006
650
_a
MICROBIOLOGY
942
_2
ddc
_c
BK
_0
3
999
_c
888
_d
888